000 00397nam a2200157Ia 4500
005 20240807062539.0
008 240806s9999||||xx |||||||||||||| ||eng||
041 _aeng
082 _a302
_bSHAS
100 _aRam Nath Sharma
245 0 _aEssentials of social psychology 68 /
_cRam Nath Sharma
260 _bOriental Publishing House Kanpur
300 _a0
650 _aSociology
942 _cBK
999 _c22148
_d22148